| 000 | 00475nam a2200169Ia 4500 | ||
|---|---|---|---|
| 999 |
_c12736 _d12736 |
||
| 003 | OSt | ||
| 005 | 20201023110915.0 | ||
| 008 | 190216s9999||||xx |||||||||||||| ||und|| | ||
| 040 | _coclc | ||
| 082 |
_a813.54 _bROB/I |
||
| 100 |
_aRobbins, Harold _95692 |
||
| 245 | 4 |
_aThe Inheritors / _cHarold Robbins |
|
| 260 |
_bPocket Books Publishers, _c1971. _aNew york: |
||
| 300 | _a276p | ||
| 650 | _aNovel | ||
| 942 |
_cBK _2ddc _h813.54 _iROB/I _k813.54 _mROB/I |
||